The mysteries of Mithra /

Bibliographic Details
Main Author: Cumont, Franz, 1868-1947
Format: Book
Language:English
Published: Chicago : London : Open Court ; Kegan, Paul, Trench, Trubner, 1910
Edition:2nd ed.
Subjects:

MARC

Tag First Indicator Second Indicator Subfields
LEADER 00000cam a2200000 a 4500
001 in00000082820
005 20151008054234.0
008 711202c19101903ilua 00110 eng d
035 |a (OCoLC)00177491 
035 |9 AAJ0060AM 
040 |a MRC  |c MRC  |d OCL  |d m.c.  |d TXA  |d UtOrBLW 
043 |a c-it--- 
049 |a TXAM  |c [1654183] 
090 |a BL1585  |b .C83 1910 
100 1 |a Cumont, Franz,  |d 1868-1947. 
245 1 4 |a The mysteries of Mithra /  |c by Franz Cumont ; translated from the 2nd revised French edition by Thomas J. McCormack. 
250 |a 2nd ed. 
264 1 |a Chicago :  |b Open Court ;  |a London :  |b Kegan, Paul, Trench, Trubner,  |c 1910 
264 4 |c ©1903 
300 |a xiv, 239 pages :  |b illustrations ;  |c 20 cm. 
336 |a text  |b txt  |2 rdacontent 
337 |a unmediated  |b n  |2 rdamedia 
338 |a volume  |b nc  |2 rdacarrier 
650 0 |a Mithraism. 
651 0 |a Rome  |x Religion. 
999 |a MARS 
999 f f |s 90d8ea70-0177-3ced-8ca2-98cb996922ad  |i c3b7943b-592c-3c4c-969d-9f345f7182c9  |t 0 
952 f f |p normal  |a Texas A&M University  |b College Station  |c Sterling C. Evans Library  |d Evans: Library Stacks  |t 0  |e BL1585 .C83 1910  |h Library of Congress classification  |i unmediated -- volume  |m A14806090068 
998 f f |a BL1585 .C83 1910  |t 0  |l Evans: Library Stacks